000 00336pab a2200145 454500
008 180718b2004 xxu||||| |||| 00| 0 eng d
100 _aSingh, Bhupendra Kumar
245 _aChina's energy security
260 _c2004
300 _ap.29-30.
362 _a3 Apr
650 _aEnergy resources
773 _aMainstream
909 _a60060
999 _c60060
_d60060